| 000 | 00406nam a2200121Ia 4500 | ||
|---|---|---|---|
| 008 | 170221s9999 xx 000 0 und d | ||
| 100 | _aAdam Steen | ||
| 245 | _aMarket Failure, Regulation and Education of Financial Advisors | ||
| 245 | _cAdam Steen, Dianne McGrath, and Alfred Wong | ||
| 260 | _c2013 | ||
| 650 | _xBusiness | ||
| 856 | _uhttp://ro.uow.edu.au/cgi/viewcontent.cgi?article=1675&context=aabfj | ||
| 999 |
_c309630 _d309630 |
||